| 000 | 00445cam a2200169ua 4500 | ||
|---|---|---|---|
| 020 | _c14.00 | ||
| 041 |
_amal _h |
||
| 082 |
_a294.59212 _bVAL/RI |
||
| 100 | _aNarayana Menon, Vallathol. | ||
| 245 | 0 | 0 |
_aRigveda Samhita, Vol 1 / _cVallathol Narayana Menon. _hTextual Documents |
| 260 |
_aCheruthuruthy : _bVallathol Granthalayam , _c1955. |
||
| 300 | _a414 ; . | ||
| 365 | _a14.00 | ||
| 504 | _a | ||
| 942 | _cBK | ||
| 999 |
_c4740 _d4740 |
||